Cheers Theme Quiz Stats

 Plays Quiz Updated Oct 15, 2018

Score 0/84 Timer 04:00
6 Plays Today
% Correct
you
96.8%
you
96.8%
you
96.8%
You
96.8%
you
96.8%
You
96.8%
You
96.8%
You
96.8%
your
94.6%
your
94.6%
your
94.6%
your
94.6%
your
94.6%
name,
94%
name.
94%
name.
94%
the
94%
the
94%
the
94%
a
94%
a
94%
where
93.8%
where
93.8%
where
93.8%
where
93.8%
where
93.8%
know,
93.7%
everybody
92.7%
% Correct
everybody
92.7%
everybody
92.7%
knows
91.4%
knows
91.4%
knows
91.4%
and
90.9%
go
90.5%
go
90.5%
go
90.5%
to
86.6%
wanna
83.2%
wanna
83.2%
wanna
83.2%
wanna
83.2%
wanna
83.2%
be
79%
be
79%
in
77%
all
75.4%
all
75.4%
all
75.4%
world
73.2%
glad
72.4%
came.
72.3%
are
71.7%
are
71.7%
always
71.5%
way
71.3%
% Correct
can
71.3%
Making
70.9%
got.
70.9%
same.
70.8%
same.
70.8%
today
70%
everything
69.7%
takes
68.8%
they're
67.5%
you've
66.3%
Sometimes
65.2%
lot.
65%
would
64.8%
sure
62.8%
people
62.8%
people
62.8%
see,
62.1%
troubles
61.5%
help
60.4%
worries,
59.9%
get
56.5%
away?
55.9%
like
55.9%
from
54.6%
Wouldn't
53.2%
Taking
52.6%
break
51.6%
our
36.9%

You're not logged in!

Compare scores with friends on all Sporcle quizzes.
OR
Log In

Sporcle TV

Today on Sporcle TV


Watch our educational content, quiz creation guides, and fun videos on Sporcle TV.

Show Comments

Extras

Top Quizzes Today


Score Distribution

Your Account Isn't Verified!

In order to create a playlist on Sporcle, you need to verify the email address you used during registration. Go to your Sporcle Settings to finish the process.

Report this User

Report this user for behavior that violates our Community Guidelines.

Details: